000 00196 a2200097 4500
001 18182
100 _aA G A
245 _aGas turbine manual
260 _a
_bIndus Press
_c
090 _c13476
_d13476
942 _aNUST-CAE
_cM
_c3865
999 _c253255
_d253255